Inspection of chemical plant: A survey of quality and safety control in chemical and process plant (Record no. 31347)

MARC details
000 -LEADER
fixed length control field 00344nam a2200109Ia 4500
082 ## - DEWEY DECIMAL CLASSIFICATION NUMBER
Classification number 066.05
Item number PIL
100 ## - MAIN ENTRY--AUTHOR NAME
Personal name Pilborough, L
245 #0 - TITLE STATEMENT
Title Inspection of chemical plant: A survey of quality and safety control in chemical and process plant
260 ## - PUBLICATION, DISTRIBUTION, ETC. (IMPRINT)
Place of publication London
Name of publisher George Godwin
Year of publication 1971
942 ## - ADDED ENTRY ELEMENTS (KOHA)
Koha item type Books
Holdings
Withdrawn status Lost status Damaged status Not for loan Home library Current library Date acquired Cost, normal purchase price Full call number Accession Number Koha item type
        RRII Library RRII Library 16/12/2021 8.00 066.05 PIL 11893 Books